Christ in the tabernacle. (Record no. 2523)

000 -LEADER
fixed length control field 00624nam a2200205 a 4500
001 - CONTROL NUMBER
control field :::00000248$&:&@@
003 - CONTROL NUMBER IDENTIFIER
control field OkBaRHE
005 - DATE AND TIME OF LATEST TRANSACTION
control field 20000607103237.0
008 - FIXED-LENGTH DATA ELEMENTS--GENERAL INFORMATION
fixed length control field s1985 j 000 0 eng u
020 ## - INTERNATIONAL STANDARD BOOK NUMBER
International Standard Book Number 0875093612 (pbk.)
040 ## - CATALOGING SOURCE
Transcribing agency
100 1# - MAIN ENTRY--PERSONAL NAME
Personal name Simpson, A. B. (Albert Benjamin).
245 10 - TITLE STATEMENT
Title Christ in the tabernacle.
260 ## - PUBLICATION, DISTRIBUTION, ETC. (IMPRINT)
Place of publication, distribution, etc Camp Hill, PA., :
Name of publisher, distributor, etc Christian Publications
Date of publication, distribution, etc c1985
300 ## - PHYSICAL DESCRIPTION
Extent 98 p. ;
Dimensions 21 cm.
650 ## - SUBJECT ADDED ENTRY--TOPICAL TERM
Topical term or geographic name as entry element Tabernacle
General subdivision Typology
650 ## - SUBJECT ADDED ENTRY--TOPICAL TERM
Topical term or geographic name as entry element Typology (Theology)
942 ## - ADDED ENTRY ELEMENTS (KOHA)
Source of classification or shelving scheme
Koha item type Books
Copies
Barcode Damaged status Source of classification or shelving scheme Price effective from Permanent Location Not for loan Koha item type Date acquired Lost status Date last seen Copy number Full call number Withdrawn status Shelving location
248  2010-04-14RHEMA Bible Training College Books2010-04-14 2010-04-141BM 654 .S47 General Stacks